| 000 | 02155nam0a2200433 i 4500 | ||
|---|---|---|---|
| 001 | RU\NLR\BIBL_A\012400526 | ||
| 005 | 20260406090126.0 | ||
| 010 |
_a9785360119425 _91000 |
||
| 021 |
_aRU _b2020-43267 _9КН-П-3299 |
||
| 035 | _a(RuMoRGB)010384364 | ||
| 035 | _a(NLR Aleph) 012400526 | ||
| 090 |
_a11722739 _c11722739 |
||
| 100 | _a20201110d2020 km y0rusy50 ca | ||
| 101 | 0 |
_arus _aeng |
|
| 102 | _aRU | ||
| 105 | _aac||j|||000zy | ||
| 181 | 0 |
_ai _baxxe |
|
| 182 | 0 | _an | |
| 200 | 1 |
_aАнглийский язык _e11 класс _eуглублённый уровень _eучебник для учащихся общеобразовательных организаций _f[Вербицкая Мария Валерьевна, Каминс Карр Джейн, Парсонс Дженнифер и др.] _gпод редакцией доктора филологических наук, профессора М. В. Вербицкой |
|
| 203 |
_aТекст _bвизуальный _cнепосредственный |
||
| 205 | _a2-е изд., стер. | ||
| 210 |
_aМосква _cВентана-Граф _cPearson Edition Limited _d2020 |
||
| 215 |
_a253 с. _cил. _d29 |
||
| 225 | 1 |
_aРоссийский учебник _eРУ |
|
| 225 | 1 | _aForward+ | |
| 300 | _aНа обл.: English: student's book: 11 /Maria Verbitskaya Jane Comyns Carr Jeannifer Parsons [et al] | ||
| 300 | _aАвт. указаны в вып. дан. | ||
| 512 | 1 |
_6z11790 _aEnglish _estudent's book _e11 |
|
| 606 | 1 |
_aАнглийский язык _jУчебники для специализированных школ _9972309 _3RU\NLR\AUTH\6646032 |
|
| 686 | 3 | _aШ143.21-93рус221[11] | |
| 701 | 1 |
_8rus _7ca _aВербицкая _bМ. В. _gМария Валерьевна _3RU\NLR\AUTH\7757029 _939961 |
|
| 701 | 1 |
_aКаминс Карр _bД. _gДжейн _9151590 _3RU\NLR\AUTH\770151628 |
|
| 701 | 1 |
_aПарсонс _bД. _gДженнифер |
|
| 790 | 1 |
_7ba _8rus _aVerbickaja _bM. V. _gMarija Valer'evna _9223670 _3RU\NLR\AUTH\770223726 |
|
| 942 | _cBOOK | ||
| 980 | _aNBR | ||